Statistics for Lemony Snicket Books

Click here to take the quiz!

General Stats

  • This quiz has been taken 382 times
  • The average score is 9 of 13

Answer Stats

Answer% Correct
1The Bad Beginning
89%
13The End
84%
2The Reptile Room
83%
3The Wide Window
80%
6The Ersatz Elevator
70%
12The Penultimate Peril
66%
5The Austere Academy
65%
7The Vile Village
65%
4The Miserable Mill
62%
10The Slippery Slope
58%
9The Carnivorous Carnival
57%
11The Grim Grotto
56%
8The Hostile Hospital
53%

Score Distribution

Percentile by Number Answered

Percent of People with Each Score

Your Score History

You have not taken this quiz